| 000 | 00740nam a22002177a 4500 | ||
|---|---|---|---|
| 005 | 20170124110254.0 | ||
| 010 | _aB-092619 | ||
| 020 |
_c775.00 _a818858309 |
||
| 035 | _aB-092619 | ||
| 037 | _bCen Lib/Ret | ||
| 040 |
_aDPL _bEN |
||
| 082 |
_a880.8 _bREF |
||
| 110 |
_aNew Delhi.Reference Press _9101281 |
||
| 245 |
_aReference manual for competitive examinations [NET(UGC),SLET,JRF,UPSC and other tests : _benglish literature / |
||
| 260 |
_aNew Delhi _bReference Press _c2003 |
||
| 270 |
_bNew Delhi _a4831/24, Ansari Road, Darya Ganj _e110002 |
||
| 300 |
_avii,606p. _c20cm(Hb) |
||
| 650 |
_aEnglish -- literature _9101282 |
||
| 650 |
_aCompetitive guide -- JRF,SLET,UPSC _9101283 |
||
| 942 |
_2ddc _cEN _h880.8 _mREF |
||
| 999 |
_c136065 _d136065 |
||